[Event "NED-ch U14 op"]
[Site "Borne"]
[Date "2013.08.07"]
[Round "5"]
[White "Luttikhuis, Thijs"]
[Black "Wattez, Djo"]
[Result "0-1"]
[WhiteElo "576"]
[BlackElo "485"]
[PlyCount "76"]
[EventDate "2013.08.05"]
[EventType "swiss"]
[EventRounds "9"]
[EventCountry "NED"]
[SourceTitle "EXT 2015"]
[Source "ChessBase"]
[SourceDate "2014.11.20"]
[SourceVersion "1"]
[SourceVersionDate "2014.11.20"]
[SourceQuality "1"]

1. e4 e5 2. Nf3 Nc6 3. Nc3 Nf6 4. Bb5 a6 5. Bxc6 bxc6 6. 0-0 d5 7. d3 Bd6 8. exd5 cxd5 9. Bg5 c6 10. Re1 Bg4 11. h3 Bxf3 12. Qxf3 h6 13. Bxf6 gxf6 14. d4 Qe7 15. b4 0-0-0 16. a4 e4 17. Qg4+ Kb8 18. b5 Rhg8 19. Qe2 Bb4 20. Qe3 Rg7 21. bxc6 Rdg8 22. g3 Bd6 23. Rab1+ Kc8 24. Kg2 Qc7 25. Ne2 f5 26. Rb3 f4 27. Qc3 f3+ 28. Kh2 fxe2 29. Rxe2 h5 30. h4 f5 31. f4 exf3 32. Qxf3 Bxg3+ 33. Kh3 Bd6 34. Qxf5+ Kd8 35. Rb7 Rg3+ 36. Kh2 Rg1+ 37. Kh3 Rh1+ 38. Rh2 Rg3# 0-1

[Event "NED-ch U14 op"]
[Site "Borne"]
[Date "2013.08.07"]
[Round "4"]
[White "Wattez, Djo"]
[Black "Bekedam, Tyro"]
[Result "1-0"]
[WhiteElo "485"]
[BlackElo "1771"]
[PlyCount "63"]
[EventDate "2013.08.05"]
[EventType "swiss"]
[EventRounds "9"]
[EventCountry "NED"]
[SourceTitle "EXT 2015"]
[Source "ChessBase"]
[SourceDate "2014.11.20"]
[SourceVersion "1"]
[SourceVersionDate "2014.11.20"]
[SourceQuality "1"]

1. Nf3 Nf6 2. d4 g6 3. Nc3 Bg7 4. e4 d6 5. Bd3 0-0 6. 0-0 Nbd7 7. d5 Nc5 8. Re1 Nxd3 9. cxd3 Nd7 10. d4 e5 11. dxe5 Nxe5 12. Nxe5 Bxe5 13. f3 Kg7 14. f4 Bf6 15. e5 Be7 16. e6 fxe6 17. dxe6 Rf6 18. Qb3 Qg8 19. Nd5 Rxe6 20. Qc3+ Bf6 21. Nxf6 Rxf6 22. Re7+ Qf7 23. Rxf7+ Kxf7 24. Qxc7+ Kg8 25. Qd8+ Kg7 26. Qe7+ Rf7 27. Qxd6 b6 28. b3 Ba6 29. Bb2+ Kg8 30. Qe5 Rd7 31. Qh8+ Kf7 32. Qxa8 1-0

[Event "NED-ch U14 op"]
[Site "Borne"]
[Date "2013.08.05"]
[Round "1"]
[White "Verhagen, Pieter"]
[Black "Wattez, Djo"]
[Result "0-1"]
[WhiteElo "1307"]
[BlackElo "485"]
[PlyCount "20"]
[EventDate "2013.08.05"]
[EventType "swiss"]
[EventRounds "9"]
[EventCountry "NED"]
[SourceTitle "EXT 2015"]
[Source "ChessBase"]
[SourceDate "2014.11.20"]
[SourceVersion "1"]
[SourceVersionDate "2014.11.20"]
[SourceQuality "1"]

1. e4 e5 2. Nf3 Nc6 3. Bc4 Nh6 4. d3 d6 5. Be3 Be6 6. Bxe6 fxe6 7. Ng5 Qe7 8. 0-0 0-0-0 9. Nd2 d5 10. exd5 exd5 0-1